Rapid vocabulary builder (Record no. 572541)

MARC details
000 -LEADER
fixed length control field 00395nam a22001577a 4500
008 - FIXED-LENGTH DATA ELEMENTS--GENERAL INFORMATION
fixed length control field 250616b |||||||| |||| 00| 0 eng d
020 ## - INTERNATIONAL STANDARD BOOK NUMBER
ISBN 9788172451059
041 ## - LANGUAGE CODE
Language code of text/sound track or separate title eng
082 ## - DEWEY DECIMAL CLASSIFICATION NUMBER
Classification number 428.1
100 ## - MAIN ENTRY--AUTHOR NAME
Personal name Sundararajan Clairvoyant
245 ## - TITLE STATEMENT
Title Rapid vocabulary builder
260 ## - PUBLICATION, DISTRIBUTION, ETC. (IMPRINT)
Place of publication Oxford
Name of publisher Oxford university press
Year of publication 1951
300 ## - PHYSICAL DESCRIPTION
Number of Pages 270
942 ## - ADDED ENTRY ELEMENTS (KOHA)
Koha item type English Books
Holdings
Withdrawn status Lost status Damaged status Not for loan Home library Current library Shelving location Date acquired Full call number Accession Number Price effective from Koha item type
        Anna Centenary Library Anna Centenary Library CHILDREN SECTION-1ST FLOOR, B WING 26.09.2010 428.1 225168 16.06.2025 English Books

Find us on the map